Vidyā vicāra. (Record no. 85523)

MARC details
000 -LEADER
fixed length control field 00588cam a22002411 4500
001 - CONTROL NUMBER
control field sa 68014039
003 - CONTROL NUMBER IDENTIFIER
control field DLC
005 - DATE AND TIME OF LATEST TRANSACTION
control field 20260227112628.0
008 - FIXED-LENGTH DATA ELEMENTS--GENERAL INFORMATION
fixed length control field 940527s1964 ii ac b 000 0 sino
010 ## - LIBRARY OF CONGRESS CONTROL NUMBER
LC control number sa 68014039
025 ## - OVERSEAS ACQUISITION NUMBER
Overseas acquisition number PL480:C-196
035 ## - SYSTEM CONTROL NUMBER
System control number (OCoLC)30507611
040 ## - CATALOGING SOURCE
Original cataloging agency DLC
Transcribing agency CU
Modifying agency CU
-- DLC
042 ## - AUTHENTICATION CODE
Authentication code premarc
050 00 - LIBRARY OF CONGRESS CALL NUMBER
Classification number Q180.A1
Item number D6
100 1# - MAIN ENTRY--PERSONAL NAME
Personal name Dodampegama, Benedict.
245 10 - TITLE STATEMENT
Title Vidyā vicāra.
260 ## - PUBLICATION, DISTRIBUTION, ETC.
Date of publication, distribution, etc. [1964]
300 ## - PHYSICAL DESCRIPTION
Extent ii, 125 p.
Other physical details ill., port.
Dimensions 19 cm.
500 ## - GENERAL NOTE
General note In Sinhalese.
504 ## - BIBLIOGRAPHY, ETC. NOTE
Bibliography, etc. note Bibliography: p. 125.
650 #0 - SUBJECT ADDED ENTRY--TOPICAL TERM
Topical term or geographic name entry element Research.

No items available.

Powered by Koha